| 000 | 00518nam a22001937a 4500 | ||
|---|---|---|---|
| 003 | LK-CoDNM | ||
| 005 | 20241219110001.0 | ||
| 008 | 241219b |||||||| |||| 00| 0 eng d | ||
| 040 |
_aLK-CoDNM _dLK-CoDNM _eLK-CoDNM |
||
| 041 | _aeng | ||
| 080 |
_a2 _bE12 |
||
| 100 | _aFisher, Walter Kenrick. | ||
| 245 | _aAsteroidea of the north Pacific and adjacent waters | ||
| 260 |
_aWashington _bGovernment printing office _c1911 |
||
| 300 | _b419p. : ill ; 26 cm | ||
| 650 | _a1911 | ||
| 650 | _aScience | ||
| 942 | _cBK | ||
| 999 |
_c233584 _d233584 |
||